[Event "FIDE World Blitz 2013"]
[Site "Khanty-Mansiysk RUS"]
[Date "2013.06.10"]
[Round "20.25"]
[White "Nadanian, Ashot"]
[Black "Kurnosov, Igor"]
[Result "1-0"]
[WhiteTitle "IM"]
[BlackTitle "GM"]
[WhiteElo "2428"]
[BlackElo "2657"]
[WhiteFideId "13300393"]
[BlackFideId "4142527"]
[EventDate "2013.06.09"]

1. d4 Nf6 2. c4 g6 3. Nc3 Bg7 4. Nf3 O-O 5. e4 d6 6. Be2 Na6 7. h3 e5 8. d5 Nh5
9. g3 Nc5 10. b4 Nd7 11. a3 a5 12. Bd2 axb4 13. axb4 Rxa1 14. Qxa1 c5 15. b5 Kh8
16. O-O Nb6 17. Kg2 f5 18. Ng5 f4 19. Ne6 Bxe6 20. dxe6 f3+ 21. Bxf3 Nxc4 22.
Nd5 Rxf3 23. e7 Qe8 24. Bg5 Rf7 25. Nc7 Qxe7 26. Bxe7 h6 27. Nd5 Kh7 28. Qa8 Nd2
29. Re1 Nf3 30. Re3 Nd4 31. Qxb7 c4 32. b6 Nc2 33. Rc3 Ne1+ 34. Kf1 Nd3 35. Rxd3
cxd3 36. Ke1 Nf6 37. Qc7 Nxe4 38. f4 exf4 39. gxf4 Rf5 40. Bf6 Nxf6 41. Nxf6+
Rxf6 42. b7 Rxf4 43. b8=Q Rd4 44. Kd2 1-0

[Event "FIDE World Blitz 2013"]
[Site "Khanty-Mansiysk RUS"]
[Date "2013.06.10"]
[Round "20.26"]
[White "Gordievsky, Dmitry"]
[Black "Cherniaev, Alexander"]
[Result "0-1"]
[WhiteTitle "FM"]
[BlackTitle "GM"]
[WhiteElo "2474"]
[BlackElo "2447"]
[WhiteFideId "24112798"]
[BlackFideId "4117301"]
[EventDate "2013.06.09"]

1. d4 Nf6 2. c4 d6 3. Nf3 g6 4. g3 Bg7 5. Bg2 O-O 6. O-O Nc6 7. Nc3 Rb8 8. Qd3
a6 9. d5 Na7 10. e4 Nd7 11. Be3 c5 12. a4 Qc7 13. Nd2 Ne5 14. Qe2 b5 15. axb5
axb5 16. cxb5 Bd7 17. h3 Nxb5 18. f4 Nd4 19. Qa6 Rb6 20. Qa7 Rb7 21. Qa6 Nc2 22.
Bf2 Nxa1 23. Rxa1 Rxb2 24. Ndb1 Bc8 25. Nb5 Qb8 26. Qa7 Rxb5 0-1

[Event "FIDE World Blitz 2013"]
[Site "Khanty-Mansiysk RUS"]
[Date "2013.06.10"]
[Round "20.27"]
[White "Georgiev, Kiril"]
[Black "Byambaa, Zulzaga"]
[Result "1-0"]
[WhiteTitle "GM"]
[BlackTitle "FM"]
[WhiteElo "2636"]
[BlackElo "2285"]
[WhiteFideId "2900017"]
[BlackFideId "4900642"]
[EventDate "2013.06.09"]

1. d4 Nf6 2. Nf3 g6 3. Bg5 Bg7 4. Nbd2 O-O 5. c3 d6 6. e4 c6 7. Be2 Nbd7 8. O-O
h6 9. Bh4 Nh5 10. Ne1 Nf4 11. Nd3 Nxe2+ 12. Qxe2 g5 13. Bg3 e5 14. Nc4 Qe7 15.
dxe5 dxe5 16. Ne3 Nb6 17. Rfd1 f6 18. a4 Be6 19. a5 Nc4 20. Nc2 a6 21. f3 Rfd8
22. Bf2 Bf8 23. b3 Nd6 24. Bb6 Bxb3 25. Bxd8 Rxd8 26. Rab1 Be6 27. Ne3 Nc4 28.
Nxc4 Bxc4 29. Qc2 Qc7 30. Nb2 Rxd1+ 31. Rxd1 Be6 32. Ra1 h5 33. Nd3 g4 34. Qf2
Qf7 35. Kh1 Bc4 36. Qe3 Kh7 37. Rb1 Bh6 38. Qe2 Qd7 39. Nxe5 Bxe2 40. Nxd7 gxf3
41. gxf3 Bxf3+ 42. Kg1 Kg6 43. e5 1-0

[Event "FIDE World Blitz 2013"]
[Site "Khanty-Mansiysk RUS"]
[Date "2013.06.10"]
[Round "20.28"]
[White "Akbaev, Kazbek"]
[Black "Skatchkov, Pavel"]
[Result "0-1"]
[WhiteTitle "IM"]
[BlackTitle "GM"]
[WhiteElo "2475"]
[BlackElo "2486"]
[WhiteFideId "4131045"]
[BlackFideId "4121848"]
[EventDate "2013.06.09"]

1. Nf3 d5 2. e4 e5 3. d3 dxe4 4. Ng5 Nf6 5. Nc3 Bb4 6. Nxe4 Nxe4 7. dxe4 Qxd1+
8. Kxd1 Nc6 9. Nd5 Ba5 10. c3 Be6 11. Bb5 O-O-O 12. c4 Nd4 13. Ba4 c6 14. b4
cxd5 15. bxa5 dxc4 16. Bd2 Bd7 17. Bxd7+ Rxd7 18. Rc1 Rc7 19. Bc3 Rd8 20. Ke1 f6
21. f3 Nb5 22. Ke2 Rd3 23. Bb4 Nd4+ 24. Kf2 c3 25. Rhe1 Rd2+ 26. Kf1 Rxa2 27.
Rxc3 Nc2 28. Rxc7+ Kxc7 29. Rc1 Kd7 30. Bf8 Ne3+ 31. Kg1 Nxg2 32. Bxg7 Nf4 33.
Bxf6 Ne2+ 0-1

[Event "FIDE World Blitz 2013"]
[Site "Khanty-Mansiysk RUS"]
[Date "2013.06.10"]
[Round "20.29"]
[White "Al-Sayed, Mohammed"]
[Black "Kabanov, Nikolai"]
[Result "0-1"]
[WhiteTitle "GM"]
[BlackTitle "GM"]
[WhiteElo "2498"]
[BlackElo "2472"]
[WhiteFideId "12100196"]
[BlackFideId "4127820"]
[EventDate "2013.06.09"]

1. d4 Nf6 2. c4 e5 3. dxe5 Ng4 4. e3 Nxe5 5. f4 Ng6 6. Nc3 Bb4 7. Nf3 O-O 8. Bd3
d5 9. cxd5 Qxd5 10. Qc2 Rd8 11. Bxg6 hxg6 12. O-O Bxc3 13. Qxc3 Nc6 14. b3 Qd3
15. Qe1 Re8 16. Qf2 Bg4 17. Re1 Bxf3 18. Qxf3 Nb4 19. Rd1 Qb5 20. Bb2 Nc2 21.
Rac1 Nxe3 22. Re1 Qb6 23. Qf2 c6 24. h3 Nf5 25. Be5 Qxf2+ 26. Kxf2 Rad8 27. g4
Ne7 28. Re2 Nd5 29. Kf3 f6 30. Bd4 Rxe2 31. Kxe2 Nxf4+ 32. Ke3 Rxd4 33. Kxd4 0-1

[Event "FIDE World Blitz 2013"]
[Site "Khanty-Mansiysk RUS"]
[Date "2013.06.10"]
[Round "20.30"]
[White "Potapov, Pavel"]
[Black "Sibriaev, Aleksandr"]
[Result "1-0"]
[WhiteTitle "IM"]
[BlackTitle "FM"]
[WhiteElo "2460"]
[BlackElo "2239"]
[WhiteFideId "4169786"]
[BlackFideId "4116070"]
[EventDate "2013.06.09"]

1. e4 c5 2. c3 e5 3. Nf3 Nc6 4. Bc4 Qc7 5. O-O Nf6 6. Ng5 Nd8 7. f4 d6 8. d3 Be7
9. a4 O-O 10. Na3 a6 11. Nc2 Rb8 12. Nf3 b5 13. Ba2 c4 14. Ne3 exf4 15. Nd5 Nxd5
16. exd5 Qc5+ 17. d4 Qc7 18. Bxf4 Bf5 19. Bb1 Bxb1 20. Qxb1 Nb7 21. axb5 axb5
22. Qf5 Ra8 23. Rae1 Bf6 24. Bg5 Qc8 25. Qxc8 Rfxc8 26. Bxf6 gxf6 27. Nh4 Rc7
28. Rxf6 Ra2 29. Nf5 h5 30. Re8+ Kh7 31. Rh6# 1-0

[Event "FIDE World Blitz 2013"]
[Site "Khanty-Mansiysk RUS"]
[Date "2013.06.10"]
[Round "21.5"]
[White "Guseinov, Gadir"]
[Black "Nguyen, Ngoc Truong Son"]
[Result "0-1"]
[WhiteTitle "GM"]
[BlackTitle "GM"]
[WhiteElo "2631"]
[BlackElo "2625"]
[WhiteFideId "13401378"]
[BlackFideId "12401110"]
[EventDate "2013.06.09"]

1. e4 e6 2. d4 d5 3. Nd2 dxe4 4. Nxe4 Bd7 5. Nf3 Bc6 6. Bd3 Nd7 7. Qe2 Ngf6 8.
Neg5 Bd6 9. Ne5 O-O 10. Nxc6 bxc6 11. Nf3 c5 12. O-O cxd4 13. Nxd4 Ne5 14. Bb5
c5 15. Nb3 Qc7 16. Bf4 c4 17. Nd2 a6 18. Ba4 c3 19. bxc3 Qxc3 20. Ne4 Nxe4 21.
Qxe4 Rab8 22. Rae1 Rb4 23. Bxe5 Rxe4 24. Bxc3 Rxa4 25. Rd1 Bc5 26. Rd7 Rc8 27.
Rfd1 h5 28. Rd8+ Rxd8 29. Rxd8+ Kh7 30. Rc8 Rc4 31. Be5 Bxf2+ 0-1

[Event "FIDE World Blitz 2013"]
[Site "Khanty-Mansiysk RUS"]
[Date "2013.06.10"]
[Round "21.6"]
[White "Ponkratov, Pavel"]
[Black "Rublevsky, Sergei"]
[Result "0-1"]
[WhiteTitle "GM"]
[BlackTitle "GM"]
[WhiteElo "2605"]
[BlackElo "2695"]
[WhiteFideId "4157800"]
[BlackFideId "4115309"]
[EventDate "2013.06.09"]

1. d4 d5 2. c4 c6 3. Nf3 Nf6 4. e3 Bf5 5. Nc3 e6 6. Nh4 Bg6 7. Be2 Nbd7 8. Nxg6
hxg6 9. h3 Bd6 10. cxd5 exd5 11. Rb1 Qe7 12. Qb3 Nf8 13. Qa4 Ne6 14. b4 b5 15.
Qa6 O-O 16. O-O Bxb4 17. Bd2 Rfc8 18. Rfc1 Ba3 19. Rc2 b4 20. Na4 c5 21. dxc5
Nxc5 22. Nxc5 Rxc5 23. Rxc5 Qxc5 24. Qb7 Qc8 25. Qb5 Qc2 26. Rd1 Qxa2 27. Bf3
Qb3 28. Qb7 Rf8 29. Qxa7 Ne4 30. Be1 Nc3 31. Bxc3 bxc3 32. Qc7 c2 33. Rf1 Qb2
34. Bxd5 c1=Q 35. Bxf7+ Rxf7 36. Qd8+ Bf8 0-1

[Event "FIDE World Blitz 2013"]
[Site "Khanty-Mansiysk RUS"]
[Date "2013.06.10"]
[Round "21.8"]
[White "Safarli, Eltaj"]
[Black "Najer, Evgeniy"]
[Result "1-0"]
[WhiteTitle "GM"]
[BlackTitle "GM"]
[WhiteElo "2660"]
[BlackElo "2633"]
[WhiteFideId "13402129"]
[BlackFideId "4118987"]
[EventDate "2013.06.09"]

1. e4 c5 2. Nf3 d6 3. Bc4 Nf6 4. Qe2 Nc6 5. c3 Bg4 6. h3 Bh5 7. d3 e6 8. Bb3 Be7
9. Nbd2 d5 10. O-O Qc7 11. Re1 O-O-O 12. e5 Nd7 13. g4 Bg6 14. Nf1 h5 15. Ng3
hxg4 16. hxg4 Rh7 17. Bf4 Rdh8 18. Kg2 Kb8 19. Rh1 a6 20. Rxh7 Rxh7 21. Rh1 Rxh1
22. Kxh1 Ka7 23. Kg2 Qb6 24. Nh5 Bf8 25. Nh4 Bh7 26. Nf3 Bg6 27. Nh4 Bh7 28. Nf3
Bg6 29. Ba4 Qc7 30. Bg3 Be7 31. Nf4 Bh7 32. Nxd5 exd5 33. e6 Bd6 34. Bxc6 Qxc6
35. exd7 Qxd7 36. Bxd6 Qxd6 37. Qe5 Qd7 38. Qxg7 Bxd3 39. Ne5 Qe6 40. Nxd3 Qe4+
41. f3 Qxd3 42. Qxf7 Qe2+ 43. Kg3 Qe1+ 44. Kf4 Qd2+ 45. Kf5 Qc2+ 46. Ke6 Qxb2
47. g5 Qxa2 48. Kd6 Qh2+ 49. f4 d4 50. cxd4 cxd4 51. Qf6 d3 52. Qd4+ Kb8 53. g6
d2 54. g7 d1=Q 55. g8=Q# 1-0

[Event "FIDE World Blitz 2013"]
[Site "Khanty-Mansiysk RUS"]
[Date "2013.06.10"]
[Round "21.11"]
[White "Cheparinov, Ivan"]
[Black "Akopian, Vladimir"]
[Result "1/2-1/2"]
[WhiteTitle "GM"]
[BlackTitle "GM"]
[WhiteElo "2678"]
[BlackElo "2691"]
[WhiteFideId "2905540"]
[BlackFideId "13300032"]
[EventDate "2013.06.09"]

1. d4 Nf6 2. c4 e6 3. Nf3 c5 4. d5 exd5 5. cxd5 d6 6. Nc3 g6 7. Bf4 a6 8. a4 Bg7
9. e3 O-O 10. h3 Ne8 11. Be2 Nd7 12. O-O Qe7 13. Re1 Ne5 14. Nxe5 Bxe5 15. Bxe5
Qxe5 16. a5 f5 17. Na4 Nf6 18. Nb6 Rb8 19. Qc2 Bd7 20. Rad1 Bb5 21. Bc4 Qe7 22.
Qb3 Bxc4 23. Nxc4 Rbd8 24. Qb6 Rd7 25. Qb3 Ne4 26. Re2 Re8 27. Qd3 h5 28. Rb1
Kh7 29. b4 cxb4 30. Rxb4 h4 31. Rc2 Rc7 32. Nb6 Rxc2 33. Qxc2 Qg7 34. Qc1 Re7
35. Rc4 g5 36. Rc8 g4 37. hxg4 fxg4 38. Qc2 h3 39. Rc4 Qg6 40. Nc8 h2+ 41. Kh1
g3 42. fxg3 Nxg3+ 43. Kxh2 Ne4 44. Nxe7 Qg3+ 45. Kg1 Qe1+ 46. Kh2 Qh4+ 47. Kg1
Qe1+ 48. Kh2 Qg3+ 49. Kg1 1/2-1/2

[Event "FIDE World Blitz 2013"]
[Site "Khanty-Mansiysk RUS"]
[Date "2013.06.10"]
[Round "21.13"]
[White "Rakhmanov, Aleksandr"]
[Black "Sargissian, Gabriel"]
[Result "1/2-1/2"]
[WhiteTitle "GM"]
[BlackTitle "GM"]
[WhiteElo "2602"]
[BlackElo "2671"]
[WhiteFideId "4173708"]
[BlackFideId "13300881"]
[EventDate "2013.06.09"]

1. d4 Nf6 2. Nf3 b6 3. Bg5 e6 4. e4 h6 5. Bxf6 Qxf6 6. Bd3 Bb7 7. Qe2 g6 8. Nbd2
Bg7 9. c3 Qe7 10. a4 a5 11. O-O d6 12. e5 O-O 13. Nc4 Nd7 14. exd6 cxd6 15. Ne3
e5 16. dxe5 dxe5 17. Bb5 e4 18. Nd4 Ne5 19. Nc4 Nxc4 20. Qxc4 Rac8 21. Qe2 Bxd4
22. cxd4 Bd5 23. Rac1 Qb4 24. Qe3 Kg7 25. Qf4 Qe7 26. Qe5+ Qxe5 27. dxe5 Be6 28.
h3 Rfd8 29. Rxc8 Rxc8 30. Rd1 Rc5 31. Rd6 Rxe5 32. Rxb6 e3 33. fxe3 Rxe3 34. Bc6
Rb3 35. Ra6 Rxb2 36. Rxa5 Ra2 37. Ra7 h5 38. h4 Kf6 39. a5 Bc4 40. Bf3 Ke5 41.
Kh2 Ra3 42. Ra8 1/2-1/2

[Event "FIDE World Blitz 2013"]
[Site "Khanty-Mansiysk RUS"]
[Date "2013.06.10"]
[Round "21.16"]
[White "Khismatullin, Denis"]
[Black "Gundavaa, Bayarsaikhan"]
[Result "1-0"]
[WhiteTitle "GM"]
[BlackTitle "GM"]
[WhiteElo "2658"]
[BlackElo "2516"]
[WhiteFideId "4142578"]
[BlackFideId "4901045"]
[EventDate "2013.06.09"]

1. c4 Nf6 2. Nc3 e6 3. Nf3 d5 4. d4 Bb4 5. cxd5 exd5 6. Bg5 Nbd7 7. Qc2 h6 8.
Bh4 c5 9. e3 Qa5 10. Bd3 c4 11. Bf5 O-O 12. O-O Bxc3 13. bxc3 Re8 14. Nd2 Qa6
15. Rfb1 Nf8 16. Bxc8 Raxc8 17. Bxf6 gxf6 18. a4 Rc7 19. Rb5 Qe6 20. Nf1 Ng6 21.
Ng3 Nh4 22. h3 f5 23. Rab1 Ree7 24. Qd1 Red7 25. Nh5 Kf8 26. Nf4 Qe4 27. Qh5 Ng6
28. Qxh6+ Ke7 29. Qg5+ Kf8 30. Nh5 Qd3 31. Nf6 Rd6 32. Rxb7 Rxb7 33. Rxb7 Kg7
34. Ne8+ 1-0

[Event "FIDE World Blitz 2013"]
[Site "Khanty-Mansiysk RUS"]
[Date "2013.06.10"]
[Round "21.18"]
[White "Grachev, Boris"]
[Black "Riazantsev, Alexander"]
[Result "0-1"]
[WhiteTitle "GM"]
[BlackTitle "GM"]
[WhiteElo "2683"]
[BlackElo "2708"]
[WhiteFideId "4129199"]
[BlackFideId "4125029"]
[EventDate "2013.06.09"]

1. d4 Nf6 2. Nf3 e6 3. Bf4 c5 4. e3 b6 5. c3 Bb7 6. h3 Be7 7. Bd3 cxd4 8. exd4
O-O 9. O-O d6 10. Qe2 a6 11. a4 Nbd7 12. Bh2 Qc7 13. Nbd2 Rfe8 14. Rfe1 Bf8 15.
Ng5 Qc6 16. Qf1 h6 17. Nge4 Nxe4 18. Bxe4 Qc7 19. Bd3 Nf6 20. Qe2 Qc6 21. f3 e5
22. Qf2 exd4 23. Qxd4 d5 24. Kh1 Bc5 25. Qh4 Rxe1+ 26. Rxe1 Re8 27. Be5 Ne4 28.
Nxe4 Rxe5 29. Nxc5 Rxe1+ 30. Qxe1 bxc5 31. Qe7 g6 32. a5 c4 33. Bc2 Qb5 34. Kh2
Qxb2 35. Ba4 Qxc3 36. f4 Qd4 37. Qxb7 Qxf4+ 38. Kh1 Qc1+ 39. Kh2 Qf4+ 40. Kh1 c3
41. Qc8+ Kh7 42. Bb3 Qc1+ 43. Kh2 Qf4+ 44. Kh1 d4 45. Qc4 Kg7 46. Qd3 h5 47. Bc2
h4 48. Kg1 Qe5 49. Kf2 Qf4+ 50. Ke2 Qe5+ 51. Qe4 Qb5+ 52. Kf2 Qc5 53. Qd3 Qe5
54. Qe4 Qc5 55. Ke2 Qb5+ 56. Bd3 Qc5 57. Bc2 Qb5+ 58. Bd3 Qc5 59. Kd1 Qb4 60.
Bc2 Qc5 61. Qd3 Qd6 62. Qe4 Qc5 63. Qxh4 d3 64. Bxd3 Qe3 65. Qe1 Qxd3+ 66. Kc1
Qd4 67. Kc2 Qa4+ 68. Kd3 Qb5+ 69. Kc2 Qb2+ 70. Kd3 c2 0-1

[Event "FIDE World Blitz 2013"]
[Site "Khanty-Mansiysk RUS"]
[Date "2013.06.10"]
[Round "21.19"]
[White "Vitiugov, Nikita"]
[Black "Ghaem Maghami, Ehsan"]
[Result "1-0"]
[WhiteTitle "GM"]
[BlackTitle "GM"]
[WhiteElo "2734"]
[BlackElo "2554"]
[WhiteFideId "4152956"]
[BlackFideId "12500739"]
[EventDate "2013.06.09"]

1. Nf3 Nf6 2. g3 d5 3. Bg2 c6 4. O-O Bf5 5. c4 e6 6. cxd5 exd5 7. d3 Be7 8. Nc3
O-O 9. Nd4 Bg6 10. e4 dxe4 11. dxe4 Na6 12. Be3 Bb4 13. f3 Re8 14. Bf2 Qa5 15.
Nb3 Qc7 16. Qc2 Rac8 17. Rad1 Nd7 18. Ne2 b6 19. Nf4 Bf8 20. a3 Nac5 21. Nd4 a5
22. h4 Nf6 23. Bh3 Rcd8 24. b4 axb4 25. axb4 Na6 26. Qxc6 Qxc6 27. Nxc6 Rxd1 28.
Rxd1 Nxb4 29. Nxb4 Bxb4 30. Bxb6 Nh5 31. Nxh5 Bxh5 32. g4 Be7 33. gxh5 Bxh4 34.
Rc1 h6 35. Rc8 Rxc8 36. Bxc8 Bg3 37. Bf5 Bf4 38. Bc5 Bg3 39. Kf1 Be5 40. Ke2 Bf4
41. Kd3 Bg3 42. Kc4 Bh2 43. Kb5 Bg3 44. Kc6 Bf4 45. Kd7 f6 46. Ke8 Be5 47. Be6+
Kh8 48. Kf7 Kh7 49. Bf5+ 1-0

[Event "FIDE World Blitz 2013"]
[Site "Khanty-Mansiysk RUS"]
[Date "2013.06.10"]
[Round "21.21"]
[White "Georgiev, Kiril"]
[Black "Potkin, Vladimir"]
[Result "1/2-1/2"]
[WhiteTitle "GM"]
[BlackTitle "GM"]
[WhiteElo "2636"]
[BlackElo "2647"]
[WhiteFideId "2900017"]
[BlackFideId "4131061"]
[EventDate "2013.06.09"]

1. d4 d5 2. c4 e6 3. Nc3 c6 4. e4 dxe4 5. Nxe4 Bb4+ 6. Nc3 c5 7. a3 Ba5 8. dxc5
Bxc3+ 9. bxc3 Qxd1+ 10. Kxd1 Nf6 11. f3 Na6 12. Be3 Bd7 13. Nh3 Ba4+ 14. Kc1 Nd7
15. Rb1 Naxc5 16. Nf2 Rc8 17. Nd3 b6 18. Nxc5 Nxc5 19. Be2 Ke7 20. Rb4 Bd7 21.
Rd1 f6 22. Rb1 Rc7 23. Kb2 Rhc8 24. Rd2 e5 25. f4 Ne4 26. Rdd1 Be6 27. fxe5 fxe5
28. Bd3 Nf6 29. Re1 Bxc4 30. Bxc4 Rxc4 31. Bd4 e4 32. g4 h6 33. h4 Kf7 34. Rf1
Kg6 35. Rbe1 Re8 36. Rf4 Rc6 37. Bxf6 Rxf6 38. Rfxe4 Rxe4 39. Rxe4 a5 40. a4
Rf2+ 41. Kb3 Rh2 42. Re6+ Kf7 43. Rxb6 Rxh4 44. Rb5 Rxg4 45. Rxa5 Ke6 46. c4 Kd6
47. Kb4 Rg1 48. Ra6+ Kc7 49. Kb5 h5 50. Ra7+ Kb8 51. Rf7 h4 52. Rf8+ Kc7 53.
Rf7+ Kb8 54. Rf8+ Kc7 55. Rf7+ Kd8 56. Rf8+ Ke7 57. Rh8 g5 58. a5 Rb1+ 59. Kc6
Ra1 60. Kb6 Rb1+ 61. Kc6 Ra1 62. Kb6 Rb1+ 63. Kc7 Rc1 64. a6 Rxc4+ 65. Kb6 Rb4+
66. Kc5 Ra4 67. a7 Rxa7 68. Rh7+ Kf6 69. Rxa7 Ke5 70. Kc4 Ke4 71. Kc3 Ke3 72.
Re7+ Kf3 73. Rf7+ Kg2 74. Rg7 h3 75. Rxg5+ Kf3 76. Rh5 Kg2 77. Kd2 h2 78. Ke2
h1=Q 79. Rxh1 Kxh1 1/2-1/2

[Event "FIDE World Blitz 2013"]
[Site "Khanty-Mansiysk RUS"]
[Date "2013.06.10"]
[Round "21.23"]
[White "Popov, Ivan RUS"]
[Black "Salem, A.R. Saleh"]
[Result "0-1"]
[WhiteTitle "GM"]
[BlackTitle "GM"]
[WhiteElo "2632"]
[BlackElo "2531"]
[WhiteFideId "4170350"]
[BlackFideId "9301348"]
[EventDate "2013.06.09"]

1. e4 c5 2. Nf3 d6 3. d4 cxd4 4. Nxd4 Nf6 5. Nc3 Nc6 6. Bg5 e6 7. Qd2 a6 8.
O-O-O h6 9. Nxc6 bxc6 10. Bf4 d5 11. Qe3 Bb4 12. Be2 O-O 13. e5 Nh7 14. Qg3 Kh8
15. a3 Be7 16. Ne4 Rb8 17. Nd6 Qb6 18. b3 Qc5 19. b4 Qb6 20. Be3 Qc7 21. Bc5 f6
22. f4 a5 23. Bd3 f5 24. Qe3 axb4 25. axb4 Ng5 26. c3 Nf7 27. Nxf7+ Rxf7 28. Kb2
g5 29. g3 Bd7 30. Ra1 Rg8 31. Ra7 Qd8 32. Rha1 gxf4 33. gxf4 Rg2+ 34. Kb3 Kh7
35. Ra8 Bxc5 36. Qxc5 Qh4 37. Rf8 Rfg7 38. Qe3 Qxh2 39. Rb1 c5 40. Qxc5 Ra2 41.
Qb6 Ba4# 0-1

[Event "FIDE World Blitz 2013"]
[Site "Khanty-Mansiysk RUS"]
[Date "2013.06.10"]
[Round "21.24"]
[White "Cherniaev, Alexander"]
[Black "Kobalia, Mikhail"]
[Result "1/2-1/2"]
[WhiteTitle "GM"]
[BlackTitle "GM"]
[WhiteElo "2447"]
[BlackElo "2651"]
[WhiteFideId "4117301"]
[BlackFideId "4119150"]
[EventDate "2013.06.09"]

1. e4 e5 2. Bc4 Nf6 3. d3 c6 4. Nf3 d5 5. Bb3 Bb4+ 6. c3 Bd6 7. Nbd2 O-O 8. O-O
Nbd7 9. Re1 Re8 10. Nf1 Nc5 11. Bc2 Bc7 12. Qe2 b6 13. Bg5 h6 14. Bh4 dxe4 15.
dxe4 Ba6 16. Qe3 Qe7 17. Ng3 Qe6 18. h3 Rad8 19. Nf5 Bd3 20. Bxf6 Qxf6 21. Rac1
Bxc2 22. Rxc2 Rd3 23. Qe2 Red8 24. g3 g6 25. N5h4 Qe6 26. b4 Na4 27. Nd4 Nxc3
28. Nxe6 Nxe2+ 29. Rexe2 fxe6 30. Rxc6 Bd6 31. Nxg6 Kg7 32. Nh4 Kf6 33. b5 Bc5
34. Kg2 Rd2 35. Kf1 Rd1+ 36. Kg2 R8d2 37. Kf3 Rxe2 38. Kxe2 Ra1 39. f4 Rxa2+ 40.
Kd3 Ra3+ 41. Kc4 exf4 42. gxf4 Rxh3 43. e5+ Ke7 44. Ng6+ Kd7 45. f5 exf5 46. Rf6
Rg3 47. Rf7+ Kd8 48. Rg7 h5 49. Kd5 h4 50. Kc6 Rxg6+ 51. Rxg6 Ke7 52. Rh6 f4 53.
Kd5 f3 54. Rxh4 f2 55. Rf4 Be3 56. Rf3 Bc5 57. e6 Be3 58. Rf7+ Ke8 59. Ke4 Bc5
60. Kd3 Bd6 61. Rxf2 Ke7 62. Rf7+ Kxe6 63. Rxa7 Kd5 64. Rh7 Kc5 65. Rh5+ Kb4 66.
Rg5 1/2-1/2

[Event "FIDE World Blitz 2013"]
[Site "Khanty-Mansiysk RUS"]
[Date "2013.06.10"]
[Round "21.26"]
[White "Gordievsky, Dmitry"]
[Black "Kabanov, Nikolai"]
[Result "1-0"]
[WhiteTitle "FM"]
[BlackTitle "GM"]
[WhiteElo "2474"]
[BlackElo "2472"]
[WhiteFideId "24112798"]
[BlackFideId "4127820"]
[EventDate "2013.06.09"]

1. d4 Nf6 2. c4 e5 3. dxe5 Ng4 4. e3 Nxe5 5. a3 g6 6. f4 Nec6 7. Nf3 Bg7 8. Bd3
d6 9. O-O Nd7 10. Qe2 Nc5 11. Bc2 O-O 12. Nc3 Re8 13. Nd5 a5 14. Rb1 Bg4 15. Qf2
Ne4 16. Bxe4 Rxe4 17. h3 Bxf3 18. Qxf3 Rxc4 19. b3 Rc2 20. Qe4 Ra2 21. Qd3 Ra1
22. Rxa1 Bxa1 23. Bd2 Bg7 24. Bc3 Ne7 25. Nf6+ Kh8 26. e4 c6 27. Ng4 Ng8 28.
Bxg7+ Kxg7 29. Rd1 d5 30. exd5 cxd5 31. Qxd5 Qxd5 32. Rxd5 Rc8 33. Rd7 b5 34.
Ne5 Nh6 35. g4 Rc3 36. g5 Nf5 37. Rxf7+ Kg8 38. Ra7 Rxb3 39. Ng4 Rxa3 40. Nf6+
Kf8 41. Nxh7+ Ke8 42. Nf6+ Kd8 43. Ng4 b4 44. Ne5 Nh4 45. Nc6+ Ke8 46. Rxa5 Rxa5
47. Nxa5 Nf3+ 48. Kf2 Nd4 49. Ke3 b3 50. Nc4 Ne6 51. Ke4 Ke7 52. h4 Nc5+ 53. Kd4
Ne6+ 54. Ke5 Nc5 55. f5 Nd3+ 56. Ke4 Nc5+ 57. Kd5 Nd3 58. f6+ Kf8 59. Ke6 b2 60.
Nxb2 Nxb2 61. h5 gxh5 62. g6 Nd3 63. g7+ Kg8 64. f7+ Kxg7 65. Ke7 Kg6 66. f8=Q
Ne1 67. Qf2 Nd3 68. Qg3+ Kf5 69. Qxd3+ Kg4 70. Qf1 Kg3 71. Qh1 h4 72. Kf6 1-0

[Event "FIDE World Blitz 2013"]
[Site "Khanty-Mansiysk RUS"]
[Date "2013.06.10"]
[Round "21.27"]
[White "Al-Sayed, Mohammed"]
[Black "Skatchkov, Pavel"]
[Result "1/2-1/2"]
[WhiteTitle "GM"]
[BlackTitle "GM"]
[WhiteElo "2498"]
[BlackElo "2486"]
[WhiteFideId "12100196"]
[BlackFideId "4121848"]
[EventDate "2013.06.09"]

1. d4 d5 2. c4 c6 3. Nc3 Nf6 4. e3 Bf5 5. cxd5 Nxd5 6. Nf3 e6 7. Bd3 Bg4 8. O-O
Nd7 9. e4 Nxc3 10. bxc3 Be7 11. h3 Bh5 12. Rb1 b6 13. Qe2 e5 14. g4 Bg6 15. Nxe5
Nxe5 16. dxe5 h5 17. Bf4 hxg4 18. hxg4 Bg5 19. Bg3 Bh4 20. Qe3 Bxg3 21. Qxg3 Qe7
22. Kg2 O-O-O 23. Rh1 Rxh1 24. Rxh1 Qa3 25. Rd1 Qxa2 26. Qe3 Qe6 27. Ba6+ Kc7
28. Rxd8 Qxg4+ 29. Kf1 Kxd8 30. Qd2+ Ke8 31. Qd6 Bxe4 32. Qb8+ Ke7 33. Qd6+ Ke8
34. Qb8+ Ke7 35. Qd6+ Ke8 1/2-1/2

[Event "FIDE World Blitz 2013"]
[Site "Khanty-Mansiysk RUS"]
[Date "2013.06.10"]
[Round "21.28"]
[White "Nadanian, Ashot"]
[Black "Byambaa, Zulzaga"]
[Result "0-1"]
[WhiteTitle "IM"]
[BlackTitle "FM"]
[WhiteElo "2428"]
[BlackElo "2285"]
[WhiteFideId "13300393"]
[BlackFideId "4900642"]
[EventDate "2013.06.09"]

1. e4 d6 2. f4 e5 3. Nf3 exf4 4. Bc4 h6 5. O-O g5 6. c3 Bg7 7. Qb3 Qe7 8. d3 Nc6
9. Na3 a6 10. Nc2 b5 11. Bd5 Bd7 12. Nb4 Nxb4 13. Bxa8 Nxd3 14. Nd4 c5 15. Nf5
Bxf5 16. exf5 c4 17. Bc6+ Kf8 18. Qc2 Nf6 19. h3 d5 20. b4 Qd6 21. Ba8 Ne4 22.
a4 Bxc3 23. Ra3 Bd4+ 24. Kh1 Ng3+ 25. Kh2 Nxf1+ 26. Kh1 f3 27. gxf3 Ng3+ 28. Kg2
Ne1+ 0-1

[Event "FIDE World Blitz 2013"]
[Site "Khanty-Mansiysk RUS"]
[Date "2013.06.10"]
[Round "21.29"]
[White "Ram, S. Krishnan"]
[Black "Sibriaev, Aleksandr"]
[Result "1/2-1/2"]
[BlackTitle "FM"]
[WhiteElo "2248"]
[BlackElo "2239"]
[WhiteFideId "5010519"]
[BlackFideId "4116070"]
[EventDate "2013.06.09"]

1. d4 d6 2. e4 Nf6 3. f3 g6 4. c4 Bg7 5. Nc3 O-O 6. Be3 e5 7. Nge2 exd4 8. Nxd4
Nc6 9. Be2 Re8 10. Qd2 Bd7 11. O-O-O a6 12. Kb1 Nxd4 13. Bxd4 Bc6 14. g4 Nd7 15.
Bxg7 Kxg7 16. h4 h6 17. Nd5 Bxd5 18. cxd5 Qe7 19. Qc3+ f6 20. Qxc7 Nc5 21. Qxe7+
Rxe7 22. Bd3 a5 23. b3 g5 24. hxg5 hxg5 25. Bc2 Rh8 26. a3 Nd7 27. Rxh8 Kxh8 28.
Bd3 Ne5 29. Be2 Rc7 30. Kb2 Kg7 31. Rc1 Rxc1 32. Kxc1 Kf8 33. Kd2 Ke7 34. Kc3
Kd7 35. b4 axb4+ 36. Kxb4 Kc7 37. Kb5 Nd7 38. Kc4 Ne5+ 39. Kd4 Ng6 40. Bd1 Kb6 1/2-1/2